[Event "AUT-chT2M 2122"]
[Site "Austria"]
[Date "2022.04.30"]
[Round "10.2"]
[White "Ablinger, Bernhard"]
[Black "Borhy, Marcell Boldizsar"]
[Result "0-1"]
[WhiteElo "2057"]
[BlackElo "2374"]
[PlyCount "82"]
[EventDate "2021.10.01"]
[EventType "team-tourn"]
[EventRounds "11"]
[EventCountry "AUT"]
[SourceTitle "EXT 2023"]
[Source "ChessBase"]
[SourceDate "2022.10.05"]
[SourceVersion "1"]
[SourceVersionDate "2022.10.05"]
[SourceQuality "1"]
[WhiteTeam "Graz Schachfreunde"]
[BlackTeam "Pinggau Friedberg"]
[WhiteTeamCountry "AUT"]
[BlackTeamCountry "AUT"]

1. e4 c5 2. Nf3 d6 3. d4 cxd4 4. Nxd4 Nf6 5. Nc3 a6 6. f3 e5 7. Nb3 Be6 8. Bg5 Nbd7 9. Qd2 Be7 10. 0-0-0 b5 11. Kb1 b4 12. Na4 Nxe4 13. fxe4 Bxg5 14. Qxb4 Be7 15. Qd2 0-0 16. Bd3 a5 17. Qe3 Qb8 18. Nd2 Qb4 19. b3 Rfb8 20. Ka1 Nc5 21. Nxc5 dxc5 22. Bc4 Bxc4 23. Nxc4 a4 24. Qd2 axb3 25. Qxb4 Rxa2+ 26. Kb1 cxb4 27. cxb3 Rba8 28. Nb6 Ra1+ 29. Kc2 R8a2+ 30. Kd3 Rxd1+ 31. Rxd1 Rxg2 32. Nd5 Bf8 33. h4 Rh2 34. Ra1 Rh3+ 35. Kc2 f6 36. Ra8 Kf7 37. Ra7+ Kg6 38. Ra8 Bc5 39. Ra5 Bd4 40. Ne7+ Kf7 41. Nf5 Rc3+ 0-1

[Event "Steyr Landesliga 1617"]
[Site "Austria"]
[Date "2017.05.06"]
[Round "11.4"]
[White "Toelly, Michael"]
[Black "Ablinger, Bernhard"]
[Result "1/2-1/2"]
[WhiteElo "2064"]
[BlackElo "1964"]
[PlyCount "34"]
[EventDate "2016.10.01"]
[EventType "team-tourn"]
[EventRounds "11"]
[EventCountry "AUT"]
[SourceTitle "EXT 2018"]
[Source "ChessBase"]
[SourceDate "2017.10.13"]
[SourceVersion "1"]
[SourceVersionDate "2017.10.13"]
[SourceQuality "1"]
[WhiteTeam "Fuerstenfeld/Hartberg"]
[BlackTeam "Schachfreunde"]
[WhiteTeamCountry "AUT"]
[BlackTeamCountry "AUT"]

1. e4 e5 2. Nf3 Nc6 3. Bb5 a6 4. Ba4 Nf6 5. 0-0 Be7 6. Re1 b5 7. Bb3 0-0 8. d4 Nxd4 9. Bxf7+ Rxf7 10. Nxe5 Rf8 11. Qxd4 Bb7 12. Nc3 c5 13. Qd1 Qc7 14. Ng4 Nxg4 15. Qxg4 Bf6 16. g3 Rae8 17. Bh6 Be5 1/2-1/2

[Event "AUT-chT2M 1415"]
[Site "Austria"]
[Date "2015.04.19"]
[Round "11.6"]
[White "Ablinger, Bernhard"]
[Black "Mostbauer, Florian"]
[Result "1/2-1/2"]
[WhiteElo "1867"]
[BlackElo "2171"]
[PlyCount "79"]
[EventDate "2014.10.03"]
[EventType "team-tourn"]
[EventRounds "11"]
[EventCountry "AUT"]
[SourceTitle "EXT 2016"]
[Source "ChessBase"]
[SourceDate "2015.10.08"]
[SourceVersion "1"]
[SourceVersionDate "2015.10.08"]
[SourceQuality "1"]
[WhiteTeam "Graz Schachfreunde"]
[BlackTeam "Ansfelden"]
[WhiteTeamCountry "AUT"]
[BlackTeamCountry "AUT"]

1. e4 c6 2. d4 d5 3. e5 Bf5 4. Ne2 e6 5. Ng3 Bg6 6. h4 h5 7. Be2 c5 8. c3 Nc6 9. Be3 Be7 10. Bxh5 Bxh5 11. Nxh5 g6 12. Ng3 Rxh4 13. Rxh4 Bxh4 14. Ne2 Be7 15. Nd2 Qb6 16. Qb3 cxd4 17. Qxb6 axb6 18. Bxd4 Bc5 19. a3 Bxd4 20. cxd4 Nb4 21. Rb1 Nd3+ 22. Kf1 Rc8 23. Nc3 Kd7 24. g3 Nxb2 25. Rxb2 Rxc3 26. Rxb6 Kc7 27. Rb3 Rxb3 28. Nxb3 Kc6 29. a4 b5 30. axb5+ Kxb5 31. Nd2 Kb4 32. Ke2 Kc3 33. Ke3 Nh6 34. Nb1+ Kc2 35. Na3+ Kb3 36. Nb5 Kc2 37. Na3+ Kb3 38. Nb5 Kb4 39. Nd6 Kc3 40. Nb5+ 1/2-1/2